000 00563cam a22002171 4500
001 ne 63001515
003 DLC
005 20260227111748.0
008 880827s1962 tu 000 0 tur
010 _ane 63001515
035 _a(OCoLC)23560962
040 _aDLC
_cMiU
_dDLC
042 _apremarc
043 _aa-tu---
050 0 0 _aHD7044
_b.S2
100 1 _aSaylan, Nazım Dündar.
245 0 0 _aTürkiyenin kalkınması.
260 _aAnkara,
_bGürsoy Basımevı,
_c1962.
300 _a164 p.
_c20 cm.
650 0 _aCost and standard of living
_zTurkey.
999 _c46123
_d46123